书目信息 |
| 题名: |
山水相依
|
|
| 作者: | 肖东发 主编 ;袁凤东 编著 | |
| 分册: | ||
| 出版信息: | 北京 现代出版社 2015.04 |
|
| 页数: | 164页 | |
| 开本: | 23cm | |
| 丛书名: | 中华精神家园 | |
| 单 册: | ||
| 中图分类: | D669.3 | |
| 科图分类: | ||
| 主题词: | 居住文化--ju zhu wen hua--研究--中国 | |
| 电子资源: | ||
| ISBN: | 978-7-5143-2517-1 | |
| 000 | 01201nam 2200301 450 | |
| 001 | CA2016000088 | |
| 005 | 20201116111359.75 | |
| 010 | @a978-7-5143-2517-1@dCNY29.80 | |
| 100 | @a20150402d2015 em y0chiy50 ea | |
| 101 | 0 | @achi |
| 102 | @aCN@b110000 | |
| 105 | @aa z 000yy | |
| 106 | @ar | |
| 200 | 1 | @a山水相依@Ashan shui xiang yi@e依山傍水的居住文化@f肖东发主编@Fxiao dong fa zhu bian@g袁凤东编著@Gyuan feng dong bian zhu |
| 210 | @a北京@c现代出版社@d2015.04 | |
| 215 | @a164页@c图@d23cm | |
| 225 | 2 | @a中华精神家园@Azhong hua jing shen jia yuan@h第三辑@i民风根源 |
| 330 | @a本书分为生存经验 —— 择地而居、环境造人 —— 顺乎自然、形成理论 —— 寄情山水、广泛传承 —— 选址造物四部分, 主要包括: 山顶洞人的穴居时代、有巢氏仿鸟发明巢居、半坡先民开始半穴居、河姆渡人的干栏式建筑等。 | |
| 410 | 0 | @12001 @a中华精神家园@h第三辑@i民风根源 |
| 517 | 1 | @a依山傍水的居住文化@Ayi shan bang shui de ju zhu wen hua |
| 540 | @a山水相依 | |
| 606 | 0 | @a居住文化@Aju zhu wen hua@x研究@y中国 |
| 690 | @aD669.3@v5 | |
| 701 | 0 | @a肖东发@Axiao dong fa@4主编 |
| 702 | 0 | @a袁凤东@Ayuan feng dong@4编著 |
| 801 | @aCN | |
| 901 | @a24 | |
| 905 | @a河南城建学院图书馆@b1293697-9@dD669.3@eX291@f3 | |
| 山水相依:依山傍水的居住文化/肖东发主编/袁凤东编著.-北京:现代出版社,2015.04 |
| 164页:图;23cm.-(中华精神家园.第三辑.民风根源) |
| ISBN 978-7-5143-2517-1:CNY29.80 |
| 本书分为生存经验 —— 择地而居、环境造人 —— 顺乎自然、形成理论 —— 寄情山水、广泛传承 —— 选址造物四部分, 主要包括: 山顶洞人的穴居时代、有巢氏仿鸟发明巢居、半坡先民开始半穴居、河姆渡人的干栏式建筑等。 |
| ● |
| 相关链接 |
|
|
|
正题名:山水相依
索取号:D669.3/X291
 
预约/预借
| 序号 | 登录号 | 条形码 | 馆藏地/架位号 | 状态 | 备注 |
| 1 | 1293697 | 212936975 | 社科库509/509社科库 76排4列5层/ [索取号:D669.3/X291] | 在馆 | |
| 2 | 1293698 | 212936982 | 社科库509/509社科库 76排4列5层/ [索取号:D669.3/X291] | 在馆 | |
| 3 | 1293699 | 212936999 | 社科库509/509社科库 76排4列5层/ [索取号:D669.3/X291] | 在馆 |